00440nam a22001457a 450000500170000000800410001702000180005804100130007608200150008910000280010424500860013226000340021830000170025265000250026920231120103114.0231120b |||||||| |||| 00| 0 eng d a9780409070491 aEnglish  a343.4 BRI  aBrincker, TE lEnglish  aTaxation Principles of Interest and other Financing Transactions / cTE Brincker  aDurban : bLexisNexis, c2004 bx, c26 cm.  aLegal practice bLaw